| 000 | 00000nam##2200000za#4500 |
| 001 | 9.571744 |
| 003 | CaOODSP |
| 005 | 20210624182857 |
| 007 | cr ||||||||||| |
| 008 | 150406|2000||||xxc|||||o f|0| 0 eng|d |
| 040 | |aCaOODSP|beng |
| 043 | |an-cn--- |
| 086 | 1 |aNH18-23/65E-PDF |
| 110 | 2 |aCanada Mortgage and Housing Corporation. |
| 245 | 10|aAlternate tenure arrangements |h[electronic resource] |
| 260 | |aOttawa - Ontario : |bCanada Mortgage and Housing Corporation |c[2000]. |
| 300 | |a6p. |
| 490 | 1 |aResearch highlight. Socio-economic series |v65 |
| 504 | |aBibliography. |
| 590 | |a11-23-Supp|b2011-10-17 |
| 690 | 07|aHousing|2gcpds |
| 775 | 08|tModalités d'occupation non traditionnelles |w(CaOODSP)9.602171 |
| 776 | 0#|tAlternate tenure arrangements |w(CaOODSP)9.615317 |
| 830 | #0|aResearch highlight. Socio-economic series ;|v65|w(CaOODSP)9.505168 |
| 856 | 40|ahttp://publications.gc.ca|qPDF|s103 KB|uhttps://publications.gc.ca/collections/Collection/NH18-23-65E.pdf|y65 |